South American Animals - Sudden Death - Statistics

General Stats
  • This quiz has been taken 31,574 times
    31,552 since last reset
  • The average score is 6 of 16
Answers on the Grid
Answers color-coded by a green-red scale on the quiz's grid according to % correct below.
Aardvark
Anaconda
Andean condor
Bongo
Capybara
Coyote
Echidna
Fennec fox
Giant anteater
Gibbon
Greater rhea
Guanaco
Howler monkey
Hyacinth macaw
Jaguar
King cobra
Komodo dragon
Maned wolf
Marmoset
Orangutan
Ostrich
Piranha
Red panda
Ring-tailed lemur
Spectacled bear
Tapir
Three-toed sloth
Toucan
Wallaby
Walleye
Warthog
Wolverine
 
Answer Stats
Answer % Correct
Piranha
58%
Toucan
57%
Anaconda
56%
Capybara
53%
Jaguar
53%
Andean condor
47%
Three-toed sloth
39%
Tapir
37%
Hyacinth macaw
32%
Giant anteater
31%
Guanaco
29%
Howler monkey
29%
Spectacled bear
17%
Greater rhea
12%
Marmoset
11%
Maned wolf
10%
No matching quizzes found
Score Distribution
Percent of People with Each Score
Percentile by Number Answered
Your Score History
You have not taken this quiz since the last reset